| 000 | 00459nab a2200145Ia 4500 | ||
|---|---|---|---|
| 003 | ES-SlBCS | ||
| 005 | 20210601131733.0 | ||
| 008 | 140529s1953 xxu||||| |||| 00| 0 fre d | ||
| 041 | _afre | ||
| 100 | 1 |
_aAlbin Martel, Pierre _9188437 |
|
| 245 | 0 | 0 |
_aUnion Française: dépendance ou interdependance? _c Pierre Albin Martel |
| 650 | 0 | 4 |
_aUnión Francesa-Dependencia _9188438 |
| 773 | 0 |
_tVie Intelectuelle (La) _gnº. 5, 1953, págs. 27-46 _wRev907 |
|
| 942 | _cAR | ||
| 999 |
_c567930 _d567930 |
||